000 01122nam a2200277 u 4500
001 000025423
003 DO-SdBNP
005 20250319101846.0
007 ta
008 090723s1984 dr ac r 001 0 spa d
040 _aDO-SdBNP
_bspa
_cBNPHU
082 4 _a335.43097293
_bV422m
_222
100 1 _aVega, Bernardo,
_d1938 -
_93222
245 1 3 _aLa migración española de 1939 y los inicios del Marxismo-Leninismo en La República Dominicana /
_cBernardo Vega.
260 _aSanto Domingo :
_bFundación Cultural Dominicana,
_c1984.
300 _a208 p. :
_bil. ;
_c23 cm.
500 _aIncluye referencias bibliográficas y notas al pie de las páginas
504 _aBibliografía : p. 207-208
590 _aInventariado, 2018/LP
650 0 _aComunismo
_xHistoria
_xPartidos políticos
_vPublicación periódica
_zRepública Dominicana
_912722
650 4 _aEspañoles
_zRepública Dominicana
_xHistoria
_913103
651 4 _aRepública Dominicana
_xEmigración e inmigración
_xHistoria
_913104
651 4 _aEspaña
_xEmigración e inmigración
_913105
910 _aValidado. Control de calidad MFF
942 _2ddc
_cLBS1
999 _c24915
_d24915